|
|
|
|
| LEADER |
00000nam0a2200000 4500 |
| 001 |
26202 |
| 005 |
20231030201523.0 |
| 010 |
|
|
|a 5020015121
|
| 035 |
|
|
|a (RuTPU)RU\TPU\book\26443
|
| 035 |
|
|
|a BOOK00026518
|
| 090 |
|
|
|a 26202
|
| 100 |
|
|
|a 20011209d1993 k y0rusy50 ca
|
| 101 |
0 |
|
|a rus
|
| 102 |
|
|
|a RU
|
| 105 |
|
|
|a a z 001zy
|
| 200 |
1 |
|
|a Электронно-возбужденные состояния многоатомных молекул и процессы их дезактивации
|f Д. Н. Шигорин, Г. А. Валькова, Е. А. Гастилович и др.
|
| 210 |
|
|
|a Москва
|c Наука
|d 1993
|
| 215 |
|
|
|a 496 с.
|c ил.
|
| 320 |
|
|
|a Библиогр.: с. 467-493.
|
| 610 |
1 |
|
|a молекулы
|
| 610 |
1 |
|
|a возбужденное состояние
|
| 610 |
1 |
|
|a дезактивация
|
| 675 |
|
|
|a 539.196
|v 3
|
| 701 |
|
1 |
|a Шигорин
|b Д. Н.
|g Дмитрий Николаевич
|
| 701 |
|
1 |
|a Валькова
|b Г. А.
|g Галина Алексеевна
|
| 701 |
|
1 |
|a Гастилович
|b Е. А.
|g Елена Антоновна
|
| 701 |
|
1 |
|a Годик
|b В. А.
|
| 701 |
|
1 |
|a Коноплев
|b Г. Г.
|
| 701 |
|
1 |
|a Пак
|b М. А.
|
| 701 |
|
1 |
|a Родионов
|b А. Н.
|
| 701 |
|
1 |
|a Строкач
|b Н. С.
|
| 801 |
|
0 |
|a RU
|b 63413507
|c 20011209
|g PSBO
|
| 801 |
|
2 |
|a RU
|b 63413507
|c 20100120
|g RCR
|
| 942 |
|
|
|c BK
|